Kaupunkeja entisten nimien mukaan - Statistics

Yleistilastot
  • Tätä visaa on pelattu 508 kertaa
  • Keskiarvotulos 8 / 20
Vastaustilastot
Vanha nimi Nykyinen nimi % Oikein
Leningrad Pietari
96%
Konstantinopoli Istanbul
90%
Bombay Mumbai
66%
Uusi Amsterdam New York
63%
Londinium Lontoo
58%
Edo Tokio
51%
Danzig Gdańsk
48%
Saigon Ho Chi Minh
48%
Tenochtitlán México
42%
Kristiania Oslo
39%
Stalingrad Volgograd
36%
Königsberg Kaliningrad
35%
Léopoldville Kinshasa
34%
Reval Tallinna
26%
Smyrna Izmir
24%
Nikolainkaupunki Vaasa
23%
Madras Chennai
19%
Batavia Jakarta
18%
Titograd Podgorica
17%
Tientsin Tianjin
14%
Ehtoja vastaavia visoja ei löytynyt
Tulosjakauma
Jokaisen tuloksen saaneiden osuus
Persentiili vastausten määrän mukaan
Tuloshistoriasi
Et ole pelannut tätä visaa